000 00256nam a22001217a 4500
008 170425b xxu||||| |||| 00| 0 eng d
041 _aeng
080 _a54
100 _a12
101 _aSHM
245 _aTHE DIMES ACIDS
_cLEONARD, E.C
942 _2udc
_cBK
999 _c11968
_d11968